000 01198cam a22003615i 4500
999 _c8968
_d8968
003 EG-ScBUE
005 20200831115943.0
008 100303s2009 maua f b 001 0 eng d
020 _a9780321468574
020 _a0321468570
035 _a(OCoLC)ocm74916063
035 _a(OCoLC)74916063
040 _aEG-ScBUE
_beng
_erda
_cEG-ScBUE
_dEG-ScBUE
082 0 4 _a368.973
_bREJ
_222
100 1 _aRejda, George E.,
_eauthor.
_912219
245 1 0 _aPrinciples of risk management and insurance /
_cGeorge E. Rejda.
250 _aTenth edition.
250 _aInternational edition.
264 1 _aBoston :
_bPearson / Addison Wesley,
_c2009.
300 _axx, 748 pages :
_billustrations ;
_c26 cm.
336 _atext
_btxt
_2rdacontent
337 _aunmediated
_bn
_2rdamedia
338 _avolume
_bnc
_2rdacarrier
490 0 _aAddison-Wesley series in finance
504 _aIncludes bibliographical references and index.
650 7 _aInsurance.
_2BUEsh
_912220
650 7 _aInsurance
_zUnited States.
_2BUEsh
_912223
650 7 _aRisk (Insurance)
_2BUEsh
_912221
650 7 _aRisk management.
_2BUEsh
_912222
651 _2BUEsh
653 _bBUSADM
_cAugust2020
942 _cBB
_2ddc